00456nam a2200145 i 4500001000300000245006000003260001900063040000800082041000800090942000700098008004100105999001700146856009800163952004900261bg 0aTechnologie der Keramik.nBd. 2,pMechanische Prozesse. aBerlin,c1982. cBPK apol cKS s pl f |000 0 pol  c28207d28207 uhttp://koha.tu.koszalin.pl/cgi-bin/koha/opac-detail.pl?biblionumber=28207yKatalog online BPK 00104070aBPKbBPKcwo32656p01786545yKS